Statistics for List all the Kra Dai Languages🛺🇹🇭🇱🇦

Click here to take the quiz!

General Stats

  • This quiz has been taken 109 times
  • The average score is 7 of 35

Answer Stats

Native SpeakersLanguages% Correct
30 millionLao
94%
36 millionThai
94%
3.3 millionShan
35%
1.5 millionKam
32%
667kHlai
27%
600kBe
25%
300kSui
21%
7.9kGelao
18%
2.7 millionBouyei
17%
760kTai Dam
17%
1.6 millionTay
17%
1.5kBuyang
15%
7kLachi
15%
5.7kLaha
15%
4.2 millionSouthern Zhuang
15%
2.7kAi Cham
14%
5kMak
14%
30kMaonan
14%
86kMulam
14%
500kTai Don
14%
20kThen
14%
80kCun
13%
193kHa Em
13%
968kNung
13%
36kBaisha
11%
20kChadong
11%
24kMoyfaw
11%
2.5kNadou
11%
1 millionYei Zhuang
11%
73kBouhin
10%
2 millionYongbei Zhuang
10%
870kYoujiang Zhuang
10%
8kYuanmen
10%
24kBaoting
8%
29kZandui
8%

Score Distribution

Percentile by Number Answered

Percent of People with Each Score

Your Score History

You have not taken this quiz